00835nam a2200217 i 450000100060000000300090000600500170001500700030003200800410003508000100007610000300008624501990011626000870031530000210040249000450042350400340046865000140050271000330051683000450054985200230059426492ES-MaACL20230906153442.0t|030109s1946 sp ||||1| spa d a331.21 aAunós Pérez, Antonio.13aEl salario justo : bprincipios político-sociales para su implantación : conferencia pronunciada en el solemne acto de clausura del curso académico 1945-46 / cpor Antonio Aunós Pérez. aBarcelona : bPatronato de la Escuela Social de Barcelona, c1946 (fGráf. Alfa) a32 p. ; c24 cm.1 aSerie A: discursos y conferencias ; v15 aReferencias bibliográficas. 4aSalarios.2 aEscuela Social de Barcelona.1 aSerie A: discursos y conferencias ; v15 aES-MaACLj1873-F-2